Detalles MARC
| 000 -CABECERA |
| campo de control de longitud fija |
01295cam a2200289 a 4500 |
| 001 - NÚMERO DE CONTROL |
| campo de control |
000010025 |
| 005 - FECHA Y HORA DE LA ÚLTIMA TRANSACCIÓN |
| campo de control |
20200929161816.0 |
| 008 - DATOS DE LONGITUD FIJA--INFORMACIÓN GENERAL |
| campo de control de longitud fija |
830104s1981 ve a b 101 0 spa |
| 035 ## - NÚMERO DE CONTROL DEL SISTEMA |
| Número de control de sistema |
(DLC) 82153255 |
| 040 ## - FUENTE DE LA CATALOGACIÓN |
| Centro catalogador/agencia de origen |
DO-SdBNP |
| Lengua de catalogación |
spa |
| Centro/agencia transcriptor |
BNPHU |
| Centro/agencia modificador |
DLC |
| 050 00 - SIGNATURA TOPOGRÁFICA DE LA BIBLIOTECA DEL CONGRESO |
| Número de clasificación |
PQ8549.B3 |
| Número de documento/Ítem |
Z6133 1981 |
| 082 ## - NÚMERO DE LA CLASIFICACIÓN DECIMAL DEWEY |
| Número de clasificación |
861 |
| Número de documento/Ítem |
19 |
| -- |
B446c |
| 049 ## - FONDOS LOCALES (OCLC) |
| Fondos de biblioteca |
BNGR |
| 245 00 - MENCIÓN DE TÍTULO |
| Título |
Bello y Chile : |
| Resto del título |
Tercer Congreso del Bicentenario. |
| 260 ## - PUBLICACIÓN, DISTRIBUCIÓN, ETC. |
| Lugar de publicación, distribución, etc. |
Caracas : |
| Nombre del editor, distribuidor, etc. |
Fundación la Casa de Bello, |
| Fecha de publicación, distribución, etc. |
1981. |
| 300 ## - DESCRIPCIÓN FÍSICA |
| Extensión |
2 v. : |
| Otras características físicas |
il. ; |
| Dimensiones |
23 cm. |
| 500 ## - NOTA GENERAL |
| Nota general |
"Tercer Congreso del Bicentenario, La Casa de Bello, 20 al 28 de noviembre de 1980"--V. 1, p. vii. |
| 500 ## - NOTA GENERAL |
| Nota general |
Congress organized by the Fundacion La Casa de Bello and the Comision Nacional para la Celebracion del Bicentenario de Don Andres Bello. |
| 504 ## - NOTA DE BIBLIOGRAFÍA, ETC. |
| Nota de bibliografía, etc. |
Incluye referencias bibliográficas e índice. |
| 600 10 - PUNTO DE ACCESO ADICIONAL DE MATERIA--NOMBRE DE PERSONA |
| Nombre de persona |
Bello, Andrés, |
| Fechas asociadas al nombre |
1781-1865 |
| Subdivisión general |
Congresses. |
| 9 (RLIN) |
24970 |
| 650 #0 - PUNTO DE ACCESO ADICIONAL DE MATERIA--TÉRMINO DE MATERIA |
| Término de materia o nombre geográfico como elemento de entrada |
Authors, venezuelan |
| Subdivisión cronológica |
19th century |
| Subdivisión general |
Biography |
| -- |
Congresses. |
| 9 (RLIN) |
24971 |
| 650 #0 - PUNTO DE ACCESO ADICIONAL DE MATERIA--TÉRMINO DE MATERIA |
| Término de materia o nombre geográfico como elemento de entrada |
Scholars |
| Subdivisión geográfica |
Venezuela |
| Subdivisión general |
Biography |
| -- |
Congresses. |
| 9 (RLIN) |
24972 |
| 650 #0 - PUNTO DE ACCESO ADICIONAL DE MATERIA--TÉRMINO DE MATERIA |
| Término de materia o nombre geográfico como elemento de entrada |
Statesmen |
| Subdivisión geográfica |
Venezuela |
| Subdivisión general |
Biography |
| -- |
Congresses. |
| 9 (RLIN) |
24973 |
| 710 2# - PUNTO DE ACCESO ADICIONAL--NOMBRE DE ENTIDAD CORPORATIVA |
| Nombre de entidad corporativa o nombre de jurisdicción como elemento de entrada |
Fundación La Casa de Bello. |
| 9 (RLIN) |
6770 |
| 710 2# - PUNTO DE ACCESO ADICIONAL--NOMBRE DE ENTIDAD CORPORATIVA |
| Nombre de entidad corporativa o nombre de jurisdicción como elemento de entrada |
Comisión Nacional para la Celebración del Bicentenario de Don Andrés Bello. |
| 9 (RLIN) |
6771 |
| 910 ## - DATOS DE OPCIÓN DEL USUARIO (OCLC) |
| Datos de opción del usuario |
Catalogación por copia / LC |